[Event "Montreal op"]
[Site "Montreal"]
[Date "2005.07.16"]
[Round "2"]
[White "Gauthier, Denis"]
[Black "Morin, Daniel"]
[Result "0-1"]
[WhiteElo "1559"]
[BlackElo "1471"]
[PlyCount "62"]
[EventDate "2005.07.15"]
[EventType "swiss"]
[EventRounds "9"]
[EventCountry "CAN"]
[SourceTitle "EXT 2007"]
[Source "ChessBase"]
[SourceDate "2006.11.23"]
[SourceVersion "1"]
[SourceVersionDate "2006.11.23"]
[SourceQuality "1"]

1. c4 Nf6 2. Nc3 g6 3. e4 d6 4. d4 Bg7 5. Bd3 0-0 6. Nge2 e5 7. Bg5 h6 8. dxe5 dxe5 9. Bh4 g5 10. Bg3 Nh5 11. 0-0 Nc6 12. a3 f5 13. exf5 Bxf5 14. Bxf5 Rxf5 15. Qc2 Rf7 16. Rad1 Qf8 17. Qg6 Nf4 18. Bxf4 exf4 19. f3 Ne5 20. Qe6 Re8 21. Qd5 c6 22. Qd4 Nxf3+ 23. Rxf3 Bxd4+ 24. Nxd4 Rfe7 25. Kf2 Re3 26. g4 fxg3+ 27. Kxg3 Rxf3+ 28. Nxf3 Qf4+ 29. Kg2 Qg4+ 30. Kf2 Rf8 31. Rd3 Qxc4 0-1

[Event "Montreal op 11"]
[Site "Montreal"]
[Date "2004.11.14"]
[Round "5"]
[White "Maisonneuve, Paul"]
[Black "Morin, Daniel"]
[Result "1/2-1/2"]
[WhiteElo "1526"]
[BlackElo "1471"]
[PlyCount "85"]
[EventDate "2004.11.12"]
[EventType "swiss"]
[EventRounds "5"]
[EventCountry "CAN"]
[SourceTitle "EXT 2009"]
[Source "ChessBase"]
[SourceDate "2008.11.26"]
[SourceVersion "1"]
[SourceVersionDate "2008.11.26"]
[SourceQuality "1"]

1. d4 Nf6 2. Nf3 d5 3. Bf4 h6 4. e3 Bf5 5. Bd3 Bxd3 6. cxd3 e6 7. 0-0 Bd6 8. Ne5 c6 9. Nd2 Qc7 10. h3 Nbd7 11. Ndf3 0-0 12. Rb1 a5 13. a3 a4 14. Qc2 Rfc8 15. Rbc1 Nf8 16. b4 axb3 17. Qxb3 Rxa3 18. Qb2 Nh5 19. Bh2 Rca8 20. Ra1 Rxa1 21. Rxa1 Rxa1+ 22. Qxa1 g5 23. Ng4 Bxh2+ 24. Nfxh2 Kg7 25. Qa8 Qb6 26. Nf3 Nh7 27. Qa3 Qc7 28. Qa8 N5f6 29. Nge5 h5 30. h4 g4 31. Ng5 Nxg5 32. hxg5 Nd7 33. Nxd7 Qxd7 34. Qb8 Qe7 35. Qe5+ Kg6 36. g3 f6 37. gxf6 Qxf6 38. Qb8 Qf7 39. Kg2 Qg7 40. Qe8+ Qf7 41. Qb8 Qf3+ 42. Kg1 Qf7 43. Kg2 1/2-1/2

[Event "Montreal op 11"]
[Site "Montreal"]
[Date "2004.11.12"]
[Round "1"]
[White "Lanthier, Steve"]
[Black "Morin, Daniel"]
[Result "1/2-1/2"]
[WhiteElo "1575"]
[BlackElo "1471"]
[PlyCount "103"]
[EventDate "2004.11.12"]
[EventType "swiss"]
[EventRounds "5"]
[EventCountry "CAN"]
[SourceTitle "EXT 2009"]
[Source "ChessBase"]
[SourceDate "2008.11.26"]
[SourceVersion "1"]
[SourceVersionDate "2008.11.26"]
[SourceQuality "1"]

1. e4 c5 2. Nc3 d6 3. f4 e6 4. Nf3 Nc6 5. Be2 Nf6 6. 0-0 a6 7. Kh1 b5 8. d3 b4 9. Nb1 Nd4 10. Be3 Nxe2 11. Qxe2 Bb7 12. Nbd2 Be7 13. Ng5 h6 14. Nh3 e5 15. fxe5 dxe5 16. Nc4 Qc7 17. Rf5 Nd7 18. Raf1 Bf6 19. Nf2 g6 20. Ng4 gxf5 21. Rxf5 Bg7 22. Qf2 Rf8 23. Nxh6 f6 24. Qg3 Rf7 25. Nxf7 Kxf7 26. Rh5 Rh8 27. Qh3 Rxh5 28. Qxh5+ Kg8 29. Qg4 Nf8 30. Bh6 Bc8 31. Qg3 Be6 32. Nd6 Kh7 33. Ne8 Qe7 34. Bxg7 Qxe8 35. Bxf6 Ng6 36. Qg5 Qf8 37. b3 Qh6 38. h3 Qxg5 39. Bxg5 Nf8 40. Kh2 Kg6 41. Be7 Nd7 42. g4 Bg8 43. Kg3 Kf7 44. Bd8 Nb8 45. Bc7 Nd7 46. Kh4 Kg6 47. Bd8 Be6 48. Kg3 Nf6 49. Be7 Nd7 50. g5 Kh5 51. Bd6 Kxg5 52. Be7+ 1/2-1/2